| 000 | 00373nam a2200145Ia 4500 | ||
|---|---|---|---|
| 008 | 151213s9999 xx 000 0 und d | ||
| 100 | _aRobert E. Spiller | ||
| 245 |
_aThe Cycle Of American Literature _cRobert E. Spiller |
||
| 260 |
_aBoston _bA Mentor Book |
||
| 300 | _a3528 p. | ||
| 650 | _aEnglish | ||
| 650 | _aEnglish | ||
| 700 | _aRobert E. Spiller | ||
| 999 |
_c2335 _d2335 |
||